Statistics for Countries That Start with Vowels

Click here to take the quiz!

General Stats

  • This quiz has been taken 1,246 times
    (1,224 since last reset)
  • The average score is 30 of 35

Answer Stats

HintAnswer% Correct
AAustralia
94%
OOman
94%
IIndia
93%
AAustria
92%
UUnited Kingdom
91%
UUnited States of America
91%
AAlbania
89%
AArmenia
89%
IIndonesia
89%
AAndorra
88%
AAngola
88%
EEcuador
88%
UUruguay
88%
UUzbekistan
88%
AAlgeria
87%
EEritrea
87%
EEthiopia
87%
IIran
87%
IIraq
87%
IIreland
87%
UUganda
87%
EEstonia
86%
IIceland
86%
AAzerbaijan
85%
AArgentina
84%
IItaly
83%
AAfghanistan
82%
UUnited Arab Emirates
82%
AAntigua and Barbuda
81%
EEgypt
80%
IIsrael
79%
UUkraine
76%
EEl Salvador
75%
EEast Timor
72%
EEquatorial Guinea
64%

Score Distribution

Percentile by Number Answered

Percent of People with Each Score

Your Score History

You have not taken this quiz since the last reset